|
|
|
|
| LEADER |
00000cam a2200000 a 4500 |
| 001 |
vtls001218840 |
| 003 |
SK-MaSNL |
| 005 |
20260301112449.0 |
| 008 |
250414s1995 xo a fr 10000 slo |
| 015 |
|
|
|a SNBA1996/0902645
|
| 035 |
|
|
|a SNK000162661
|
| 035 |
|
|
|a urn:nbn:sk:snk-amjr2x
|
| 035 |
|
|
|a urn:nbn:sk:snk:ar-a0cm4y
|
| 035 |
|
|
|a b7b72f4b-a9b7-41d3-807a-c587f339c40a
|
| 040 |
|
|
|a SNK
|b slo
|c SNK
|e AACR2
|
| 041 |
0 |
|
|a slo
|
| 044 |
|
|
|a xo
|c SK
|
| 080 |
|
|
|a 636(082)
|2 1981
|
| 245 |
0 |
0 |
|a Aktuálne úlohy vedy a výskumu v chove hospodárskych zvierat
|b (zborník referátov) : vedecká konferencia k životnému jubileu Prof. Ing. Jána Plesníka, DrSc, Nitra 20. apríl 1995
|c [zostavil Jaroslav Granát]
|
| 260 |
|
|
|a Nitra
|b Výskumný ústav živočíšnej výroby
|c 1995
|
| 300 |
|
|
|a 233 s., 4 obr. na príl.
|b Fotogr., sch., tab.
|c 21 cm
|
| 366 |
|
|
|e 200 výt.
|
| 500 |
|
|
|a Čiast. text čes.
|
| 500 |
|
|
|a Údaj o zost. prevzatý z rubu tit. strany
|
| 500 |
|
|
|a V tiráži uvedený rok vydania 1996
|
| 504 |
|
|
|a Bibliogr.
|
| 650 |
0 |
7 |
|a chov hospodárskych zvierat
|2 SNKPH
|9 2802
|
| 650 |
0 |
7 |
|a hospodárske zvieratá
|2 SNKPH
|9 1097
|
| 655 |
|
7 |
|a zborníky konferencií
|2 SNKPH
|9 70153
|
| 655 |
|
7 |
|a issue_zb
|2 SNK
|9 276493
|
| 700 |
1 |
|
|a Plesník, Ján,
|d 1925-
|4 oth
|9 197660
|
| 700 |
1 |
|
|a Granát, Jaroslav,
|d 1931-1999
|4 com
|9 38896
|
| 852 |
|
|
|a Slovenská národná knižnica
|
| 954 |
|
|
|a odborná, vedecká literatúra pôvodná (slovenská)
|2 lita
|
| 954 |
|
|
|a odborná, vedecká literatúra cudzojazyčná (svetová)
|2 lita
|
| 958 |
|
|
|a OND
|
| 958 |
|
|
|a ART
|
| 958 |
|
|
|a TL
|
| 958 |
|
|
|a NB
|
| 958 |
|
|
|a EUIPO
|
| 999 |
|
|
|c 710644
|d 712574
|
| 952 |
|
|
|t P60, <03>, [BOOK], {603}
|a SNK
|b SNK
|y PREZ
|7 0
|p 17A0006284
|o snkSC 90846
|i snkKSP 5645/96
|0 0
|1 0
|4 0
|d 1996-07-17
|l 0
|r 2025-09-09 00:00:00
|w 2026-02-23
|
| 952 |
|
|
|t P60, <04>, [BOOK], {604}
|a SNK
|b SNK
|y VYP
|7 0
|p 17A0006283
|o snkSC 90846 D1
|i snkKSP 5646/96
|0 0
|1 0
|4 0
|d 1996-07-17
|l 0
|r 2005-01-01 00:00:00
|w 2026-02-23
|